| 000 | 01719cam a2200349 a 4500 | ||
|---|---|---|---|
| 001 | 1965 | ||
| 005 | 20231023095039.0 | ||
| 020 | _a9780375823770 (trade) | ||
| 020 | _a9780375923777 (lib. bdg.) | ||
| 040 |
_aDLC _cDLC _dDLC _dFISKH _beng |
||
| 050 | 0 | 0 |
_aQL737.C432 _bO83 2011 |
| 082 | 0 | 0 |
_a599.53 _222 |
| 100 | 1 | _aOsborne, Mary Pope. | |
| 245 | 1 | 0 |
_aDolphins and sharks / _cby Mary Pope Osborne and Natalie Pope Boyce ; illustrated by Sal Murdocca. |
| 260 |
_aNew York : _bRandom House, _c2003 |
||
| 300 |
_a118 pages : _billustrations ; _c20 cm. |
||
| 490 | 0 | _aMagic tree house fact tracker | |
| 500 | _a"A nonfiction companion to Magic Tree House #9: Dolphins at Daybreak." | ||
| 500 | _a"A Stepping stone book." | ||
| 500 | _aIncludes index. | ||
| 505 | _aM | ||
| 520 | _aThe #1 bestselling chapter book series of all time celebrates 25 years with new covers and a new, easy-to-use numbering system! Getting the facts behind the fiction has never looked better. Track the facts with Jack and Annie! When Jack and Annie got back from their adventure in Magic Tree House #9: Dolphins at Daybreak, they had lots of questions. Did dolphins ever live on land? How do dolphins communicate? How do sharks hunt for food? Which sharks are the most dangerous? Find out the answers to these questions and more as Jack and Annie track the facts. | ||
| 521 |
_a730
_bLexile |
||
| 521 |
_aM
_bRaz-Plus |
||
| 650 | 0 |
_aDolphins _vJuvenile literature. |
|
| 650 | 0 |
_aSharks _vJuvenile literature. |
|
| 700 | 1 | _aBoyce, Natalie Pope. | |
| 700 | 1 |
_aMurdocca, Sal, _eillustrator |
|
| 700 | 1 |
_aOsborne, Mary Pope. _tDolphins at daybreak. |
|
| 906 |
_a7 _bcbc _corignew _d1 _eecip _f20 _gy-gencatlg |
||
| 942 |
_2ddc _cBK _n0 |
||
| 999 |
_c1965 _d1965 |
||